BASIC TELEVISION, TRANSMISSION AND RECEPTION MONOCHROME AND COLOR (Record no. 575146)

000 -LEADER
fixed length control field 00298nam a22001217a 4500
082 ## - DEWEY DECIMAL CLASSIFICATION NUMBER
Classification number 621.3881 ANI'B
100 ## - MAIN ENTRY--PERSONAL NAME
Personal name ANIL K, MAINI
9 (RLIN) 10359
245 ## - TITLE STATEMENT
Title BASIC TELEVISION, TRANSMISSION AND RECEPTION MONOCHROME AND COLOR
250 ## - EDITION STATEMENT
Edition statement 3RD
260 ## - PUBLICATION, DISTRIBUTION, ETC.
Place of publication, distribution, etc. DELHI
Name of publisher, distributor, etc. CBS
Date of publication, distribution, etc. 1990
300 ## - PHYSICAL DESCRIPTION
Extent VP
942 ## - ADDED ENTRY ELEMENTS (KOHA)
Koha item type Book
Holdings
Withdrawn status Lost status Damaged status Not for loan Permanent Location Current Location Shelving location Date acquired Total Checkouts Full call number Barcode Date last seen Price effective from Koha item type
        College of Electrical & Mechanical Engineering (CEME) College of Electrical & Mechanical Engineering (CEME) General Stacks 08/01/2017   621.3881 ANI'B CEME-27566 06/28/2021 06/28/2021 Book
© 2023 Central Library, National University of Sciences and Technology. All Rights Reserved.